000 00621nam a2200229Ia 4500
003 OSt
005 20220918202540.0
006 a|||||r|||| 00| 0
007 ta
008 220917b |||||||| |||| 00| 0 eng d
024 _a102,042
037 _cTextual
040 _aARTS
_cARTS
_beng
041 _2eng
_aeng
082 _aV222:195,(X).M05<-K00, M7
100 _aKusuman K K
_9104284
245 0 _aHistory of trade and commerece in Travancore (1600-1805 )
260 _c1987
650 _aHISTORY
942 _hV222:195,(X).M05<-K00, M7
_cTEXL
_2CC
999 _c225502
_d225502